000 00517nam a22002297a 4500
003 UA-OsUOA
001 22776
007 ta
008 20031225b un ||||| |||| 00| 0 ukr d
090 _a22
_bБ59
942 _cBK
040 _aUA-OsUOA
_bukr
_cUA-OsUOA
_dUA-OsUOA
245 _aБіблія для дітей
300 _a498 с.
_bІлюстрації
955 _a0
041 _aukr
080 _a22
260 _aКиїв
_bУкраїна
_c1992
044 _aUA
650 7 _2UDC
999 _c309005
_d309005